000 00420nam a2200181Ia 4500
001 24965
005 20260414151118.0
008 260414t2002||||xx |||||||||||||| ||spa||
041 _aESP
082 _a346J
_bJ92 T. 1
100 _aCarranza Alvarez, César (ed.)
_eAUT
245 0 _aJurisprudencia civil
_b
260 _c2002
300 _a
_c24 cm.
650 _aDER
654 _aCDE
942 _cLIB
_dJUS
_fJUS
_2ddc
_n
999 _c24965
_d24965